=LDR 00000nam 2200000 4500 =001 INLIS000000000001478 =005 20130612085858 =008 ***********************************Ind** =035 ##$$0010-061300000001478 =041 ##$$a Ind =082 ##$$a 810 =090 ##$$a IKRAM, Akhadiati =245 ##$$a Filologia Nusantara, Achadiati Ikram; Penyunting, Titik Pudjiastuti =260 ##$$a 1997 $b Jakarta =300 ##$$a vii, 220 hlm, 21 cm =650 ##$$a Kesusastraan Indonesia =700 ##$$a PUJIASTUTI, Titik =850 ##$$a NBPNMAT